[Event "10th EICC"]
[Site "Budva MNE"]
[Date "2009.03.15"]
[Round "9"]
[White "Saric,Iv"]
[Black "Zueger,B"]
[Result "1-0"]
[WhiteElo "2566"]
[BlackElo "2408"]
[EventDate "2009.03.06"]

1. e4 c5 2. Nf3 d6 3. d4 cxd4 4. Nxd4 Nf6 5. Nc3 a6 6. Be3 Ng4 7. Bg5 h6 8.
Bh4 g5 9. Bg3 Bg7 10. Be2 h5 11. Bxg4 Bxg4 12. f3 Be6 13. Qd2 Bxd4 14. Qxd4
f6 15. h4 Nc6 16. Qe3 gxh4 17. Rxh4 Qa5 18. a3 Rc8 19. O-O-O Rg8 20. f4 Qc5
21. Qe1 Na5 22. Bf2 Qc6 23. Rxh5 Nc4 24. f5 Bf7 25. Rh3 Rxg2 26. Qf1 Rg8
27. Bd4 b5 28. Qe2 a5 29. Nd5 b4 30. Rh7 Rf8 31. axb4 axb4 32. b3 Na3 33.
Rd2 Qb7 34. Bxf6 exf6 35. Nxf6+ Ke7 36. e5 Qa7 37. Nd5+ Kd8 38. e6 Qg1+ 39.
Qd1 1-0

[Event "10th EICC"]
[Site "Budva MNE"]
[Date "2009.03.15"]
[Round "9"]
[White "Yilmaz,M"]
[Black "Jovanovic,Zo CRO"]
[Result "1/2-1/2"]
[WhiteElo "2400"]
[BlackElo "2558"]
[EventDate "2009.03.06"]

1. e4 c5 2. Nf3 d6 3. d4 cxd4 4. Nxd4 Nf6 5. Nc3 Nc6 6. Bc4 Bd7 7. Bb3 g6
8. f3 Nxd4 9. Qxd4 Bg7 10. Bg5 O-O 11. O-O-O Qa5 12. Qe3 Be6 13. Nd5 Bxd5
14. exd5 Rfe8 15. h4 Rac8 16. g4 Rc5 17. Qd3 Nd7 18. h5 Ne5 19. Qe2 Qa6 20.
Qxa6 bxa6 21. Ba4 Rb8 22. Bxe7 Nc4 23. b3 Bb2+ 24. Kb1 Be5 25. Kc1 Bf4+ 26.
Kb1 Be5 27. Kc1 Na3 28. Rd2 Bf4 29. Kd1 Bxd2 30. Kxd2 Rxd5+ 31. Kc1 Rc8 32.
Kb2 Nb5 33. b4 Rd4 34. Bb3 Rxb4 35. hxg6 Rxb3+ 36. axb3 fxg6 37. Bf6 Kf7
38. Bg5 h5 39. c4 Nd4 40. Be3 Nxf3 41. gxh5 g5 42. Ra1 Rc6 43. Ra5 Kf6 44.
Kc3 g4 45. Kd3 Ne5+ 46. Ke4 Ke6 47. Ra1 Nd7 48. Kf4 Rc8 49. Rxa6 Rf8+ 50.
Kxg4 Ne5+ 51. Kh4 Rf3 52. Bxa7 Rxb3 53. c5 Rb4+ 54. Kg3 Rb3+ 55. Kf4 Rb4+
56. Kg3 Rb3+ 57. Kg2 Rb2+ 58. Kf1 Rb1+ 59. Ke2 Rb2+ 60. Kd1 Nf7 61. cxd6
Rh2 62. Ra5 Nxd6 63. Bd4 Nc4 64. Ra6+ Kd5 65. Bg7 1/2-1/2

[Event "10th EICC"]
[Site "Budva MNE"]
[Date "2009.03.15"]
[Round "9"]
[White "Kunin,V"]
[Black "Porat,I"]
[Result "0-1"]
[WhiteElo "2546"]
[BlackElo "2353"]
[EventDate "2009.03.06"]

1. d4 d5 2. c4 Nc6 3. Nc3 Nf6 4. Nf3 Bf5 5. cxd5 Nxd5 6. Qb3 e6 7. e4 Nxc3
8. exf5 Nd5 9. Bd2 Bb4 10. Bxb4 Ndxb4 11. fxe6 fxe6 12. Bc4 Qd6 13. O-O
O-O-O 14. Ng5 Nxd4 15. Qa4 Qc5 16. Nf7 b5 17. Bxb5 Qxb5 18. Qxa7 Qa6 19.
Qxa6+ Nxa6 20. Nxh8 Rxh8 21. Rfd1 Ne2+ 22. Kf1 Nf4 23. Rac1 Nb4 24. Rc4
Nbd5 25. Re4 Rf8 26. g3 Nh3 27. f4 Ng5 28. Re5 h6 29. Kg2 Nf7 30. Rxe6 Nd8
31. Re4 c6 32. Rd3 Kd7 33. b4 Ne6 34. a4 Kd6 35. a5 Nec7 36. g4 g6 37. Kg3
Na6 38. Rd2 Rb8 39. f5 gxf5 40. gxf5 Naxb4 41. Re6+ Kc5 42. Rxh6 Ne3 43.
Rf2 Nbd5 44. h3 Ne7 45. Rh5 Rg8+ 46. Kf4 N7xf5 47. a6 Nd5+ 48. Kf3 Nd4+ 49.
Ke4 Rg3 50. Rxd5+ cxd5+ 51. Kf4 Rxh3 52. Ra2 Rh8 53. a7 Ra8 54. Ra1 Nc6 55.
Rc1+ Kd6 0-1

[Event "10th EICC"]
[Site "Budva MNE"]
[Date "2009.03.15"]
[Round "9"]
[White "Sedlak,N"]
[Black "Valeanu,E"]
[Result "1-0"]
[WhiteElo "2592"]
[BlackElo "2432"]
[EventDate "2009.03.06"]

1. d4 c5 2. d5 Nf6 3. Bg5 Ne4 4. Bf4 Qb6 5. Nd2 Nxd2 6. Bxd2 Qxb2 7. Nf3
Qb6 8. Bc3 d6 9. e4 Bg4 10. h3 Bxf3 11. gxf3 Nd7 12. f4 Rg8 13. e5 dxe5 14.
fxe5 Nxe5 15. Bxe5 Qb4+ 16. Qd2 Qe4+ 17. Qe3 Qxh1 18. O-O-O Kd8 19. Qxc5
Rc8 20. Qa5+ b6 21. Qxa7 Rxc2+ 22. Kxc2 Qe4+ 23. Kb3 Qxe5 1-0

[Event "10th EICC"]
[Site "Budva MNE"]
[Date "2009.03.15"]
[Round "9"]
[White "Damljanovic,B"]
[Black "Klenburg,M"]
[Result "1-0"]
[WhiteElo "2587"]
[BlackElo "2426"]
[EventDate "2009.03.06"]

1. Nf3 d6 2. d4 Nf6 3. c4 Nbd7 4. Nc3 e5 5. e4 Be7 6. Bd3 O-O 7. O-O c6 8.
Re1 Qc7 9. Bf1 Re8 10. h3 Nf8 11. d5 Ng6 12. Be3 c5 13. a3 a6 14. b4 b6 15.
Qc2 Bd7 16. Reb1 Reb8 17. a4 a5 18. bxc5 bxc5 19. Rxb8+ Rxb8 20. Nb5 Qc8
21. Bd2 Ra8 22. Re1 Nh5 23. Kh2 Ngf4 24. Ng1 g5 25. g3 Ng6 26. Nf3 h6 27.
Bc3 Ng7 28. Nd2 Ne8 29. Nb3 Bd8 30. Qd2 Bb6 31. Nc1 Qd8 32. Nd3 Qe7 33. Be2
Ng7 34. Bg4 Be8 35. Qe2 Nf8 36. f4 f6 37. fxe5 dxe5 38. Rf1 h5 39. Bf3 Bg6
40. Bg2 Nd7 41. Qd2 Ne8 42. Bf3 Qf7 43. Qe3 Qe7 44. Rb1 Bd8 45. Be1 Rb8 46.
Bf2 Nd6 47. Qe2 Qh7 48. Re1 Be7 49. Bg2 Nxc4 50. Nxc5 Ndb6 51. Rc1 Nd6 52.
Nxd6 Bxd6 53. Na6 Rc8 54. Rc6 Rxc6 55. dxc6 Nc8 56. Qb5 Qe7 57. Qxa5 Kg7
58. Qb5 Bf7 59. Qb7 Be6 60. Nc5 1-0

[Event "10th EICC"]
[Site "Budva MNE"]
[Date "2009.03.15"]
[Round "9"]
[White "Minasian,Art"]
[Black "Kreisl,R"]
[Result "1-0"]
[WhiteElo "2557"]
[BlackElo "2394"]
[EventDate "2009.03.06"]

1. g3 c5 2. Bg2 Nc6 3. c4 g6 4. Nc3 Bg7 5. d3 d6 6. e4 Nf6 7. Nh3 O-O 8.
O-O Rb8 9. f4 Bg4 10. Qd2 Nd4 11. Nf2 Bd7 12. b3 b5 13. Bb2 a5 14. Rab1 b4
15. Ne2 e5 16. Nxd4 cxd4 17. a3 Qb6 18. axb4 axb4 19. Bc1 Bh6 20. Bf3 Ne8
21. Ng4 Bxg4 22. Bxg4 Ra8 23. Qg2 Kg7 24. Rf2 Nf6 25. h3 Ng8 26. h4 Ra7 27.
h5 Rfa8 28. hxg6 hxg6 29. Qf3 Ra1 30. Rxa1 Rxa1 31. Rf1 exf4 32. gxf4 Qd8
33. Bb2 Rxf1+ 34. Kxf1 Qf6 35. Qf2 Bxf4 36. Bxd4 Be5 37. Be3 Qxf2+ 38. Kxf2
Ne7 39. d4 Bf6 40. Bd7 Bh4+ 41. Kf3 f5 42. exf5 gxf5 43. Bf4 d5 44. c5 Ng6
45. c6 Nxf4 46. c7 1-0

[Event "10th EICC"]
[Site "Budva MNE"]
[Date "2009.03.15"]
[Round "9"]
[White "Atakisi,U"]
[Black "Evdokimov,Alexa"]
[Result "0-1"]
[WhiteElo "2393"]
[BlackElo "2545"]
[EventDate "2009.03.06"]

1. e4 c6 2. d4 d5 3. Nd2 dxe4 4. Nxe4 Nd7 5. Bc4 Ndf6 6. Ng3 e6 7. Nf3 Bd6
8. Qe2 Qc7 9. Ne5 Ne7 10. Bd2 c5 11. Bb5+ Nc6 12. O-O-O O-O 13. Bxc6 bxc6
14. Nc4 Ba6 15. dxc5 Bxc5 16. Be3 Bxe3+ 17. fxe3 Nd5 18. Nf1 Rab8 19. Nfd2
Rb4 20. a3 Ra4 21. b3 Rxa3 22. Kb2 Ra2+ 23. Kxa2 Nc3+ 24. Kb2 Nxe2 25. Rde1
Rd8 26. Rxe2 Bxc4 27. bxc4 Qb6+ 28. Kc1 Qb4 0-1

[Event "10th EICC"]
[Site "Budva MNE"]
[Date "2009.03.15"]
[Round "9"]
[White "Georgiadis,I"]
[Black "Berczes,D"]
[Result "1-0"]
[WhiteElo "2383"]
[BlackElo "2513"]
[EventDate "2009.03.06"]

1. e4 e6 2. d4 d5 3. Nc3 Nf6 4. e5 Nfd7 5. f4 c5 6. Nf3 Nc6 7. Be3 cxd4 8.
Nxd4 Bc5 9. Qd2 O-O 10. O-O-O Qe7 11. g3 a6 12. h4 Nxd4 13. Bxd4 b5 14. h5
Bb7 15. Bh3 b4 16. Ne2 a5 17. Rhe1 Ba6 18. f5 Rfc8 19. f6 Qf8 20. Qg5 a4
21. Nf4 h6 22. Qh4 Bxd4 23. Rxd4 Qc5 24. Rd2 Nxe5 25. Nxe6 Qc4 26. Qxc4
Nxc4 27. Nxg7 Rc6 28. Rxd5 b3 29. axb3 axb3 30. Red1 Ne3 31. Rd8+ Rxd8 32.
Rxd8+ Kh7 33. Ne6 Rxc2+ 34. Kb1 fxe6 35. Rd7+ Kh8 36. Rd8+ Kh7 37. f7 Nc4
38. Rh8+ Kxh8 39. f8=Q+ Kh7 40. Qf7+ Kh8 41. Qf6+ Kh7 42. Qg6+ Kh8 43.
Qxh6+ 1-0

[Event "10th EICC"]
[Site "Budva MNE"]
[Date "2009.03.15"]
[Round "9"]
[White "Chudinovskikh,A"]
[Black "Szabo,G ROM"]
[Result "0-1"]
[WhiteElo "2379"]
[BlackElo "2506"]
[EventDate "2009.03.06"]

1. e4 c5 2. Nf3 e6 3. d4 cxd4 4. Nxd4 Nf6 5. Nc3 d6 6. g4 h6 7. g5 hxg5 8.
Bxg5 a6 9. Qd2 b5 10. a3 Bb7 11. O-O-O Nbd7 12. f4 Bxe4 13. Bg2 Bxg2 14.
Qxg2 Rc8 15. f5 e5 16. Ne6 fxe6 17. fxe6 Nc5 18. Nd5 Nxe6 19. Bxf6 gxf6 20.
Qg6+ Kd7 21. Qf7+ Be7 22. Nxf6+ Kc6 23. Nd5 Bg5+ 24. Kb1 Nf4 25. Rhg1 Rf8
26. Qh7 Nxd5 27. Qe4 Kb6 28. Qxd5 Rc6 29. a4 bxa4 30. Rg4 Rf4 31. Rdg1 Rc5
32. Qa2 Qf6 33. Rxf4 exf4 34. h4 Bxh4 35. Rg8 Rg5 36. Qxa4 Rxg8 37. Qb3+
Kc7 38. Qxg8 f3 39. Qc4+ Kd7 0-1

[Event "10th EICC"]
[Site "Budva MNE"]
[Date "2009.03.15"]
[Round "9"]
[White "Erturan,Y"]
[Black "Nyzhnyk,I"]
[Result "0-1"]
[WhiteElo "2372"]
[BlackElo "2504"]
[EventDate "2009.03.06"]

1. d4 d5 2. Nf3 Nf6 3. Bg5 e6 4. e3 Nbd7 5. Bd3 Be7 6. Nbd2 c5 7. c3 O-O 8.
O-O b6 9. Qe2 Bb7 10. e4 dxe4 11. Nxe4 Bxe4 12. Bxe4 Nxe4 13. Bxe7 Nxc3 14.
bxc3 Qxe7 15. a4 Nf6 16. a5 Qc7 17. h3 h6 18. Ra3 Nd5 19. Ne5 Rad8 20. Rfa1
cxd4 21. axb6 axb6 22. cxd4 Nf4 23. Qe3 Nd5 24. Qg3 Qc2 25. Rf3 Ne7 26. Rc3
Qb2 27. Rd1 Nf5 28. Rb3 Rxd4 29. Rxd4 Qa1+ 30. Kh2 Nxg3 0-1

[Event "10th EICC"]
[Site "Budva MNE"]
[Date "2009.03.15"]
[Round "9"]
[White "Simacek,P"]
[Black "Pesotsky,V"]
[Result "0-1"]
[WhiteElo "2493"]
[BlackElo "2343"]
[EventDate "2009.03.06"]

1. e4 Nf6 2. e5 Nd5 3. d4 d6 4. Nf3 g6 5. Bc4 Nb6 6. Bb3 Nc6 7. Qe2 Bg7 8.
a4 dxe5 9. dxe5 Nd4 10. Nxd4 Qxd4 11. a5 Nd7 12. Ra4 Qxe5 13. Re4 Qd6 14.
Nc3 O-O 15. O-O e6 16. Bf4 Qc5 17. Rd1 Qxa5 18. Ra4 Qh5 19. g4 Qh4 20. Bxc7
Nc5 21. Bg3 Qh3 22. Rb4 b6 23. f3 Bb7 24. Na4 Nxb3 25. Rxb3 Rad8 26. Rxd8
Rxd8 27. Rd3 Rxd3 28. Qxd3 h5 29. gxh5 Qxh5 30. Kg2 Qd5 31. Qxd5 Bxd5 32.
b3 g5 33. h3 f5 34. c4 Bc6 35. Bb8 a6 36. Bc7 b5 37. Nc5 g4 38. hxg4 fxg4
39. Nxe6 gxf3+ 40. Kg3 Bc3 41. Kf2 bxc4 42. bxc4 a5 43. Bd6 a4 44. Ba3 Bf6
45. Nf4 Bd4+ 46. Kf1 Kf7 47. Ne2 fxe2+ 48. Kxe2 Be4 49. Kd2 Ke6 50. Kc1 Kf5
51. Kd2 Ke6 52. Kc1 Bd3 53. Kd2 Bxc4 54. Kc2 Kd5 55. Kb1 Ke4 56. Bb2 Bc5
57. Bf6 Kd3 58. Be5 Bd5 59. Bf6 Kc4 60. Kb2 a3+ 61. Ka2 Kb4+ 62. Kb1 Kb3
63. Be5 Be3 64. Ka1 Be4 65. Bd6 Bd4+ 0-1

[Event "10th EICC"]
[Site "Budva MNE"]
[Date "2009.03.15"]
[Round "9"]
[White "Stanojevic,B"]
[Black "Larino Nieto,D"]
[Result "0-1"]
[WhiteElo "2276"]
[BlackElo "2488"]
[EventDate "2009.03.06"]

1. d4 e6 2. g3 c5 3. Nf3 b6 4. Bg2 Bb7 5. Bg5 Nf6 6. O-O Be7 7. c4 h6 8.
Be3 cxd4 9. Qxd4 Nc6 10. Qd3 d5 11. Nbd2 O-O 12. Rfd1 Rc8 13. Rac1 Ba6 14.
Qb1 Na5 15. b3 Ba3 16. Rc2 Qe7 17. Ne5 dxc4 18. Ndxc4 Nxc4 19. Nxc4 Bxc4
20. Rxc4 Rxc4 21. bxc4 Bc5 22. Bc1 Rd8 23. Rxd8+ Qxd8 24. Qd3 Qxd3 25. exd3
Ng4 26. Kf1 Nxf2 27. Ke2 Ng4 28. h3 Nf6 29. Bb2 Ne8 30. d4 Bd6 31. g4 Kf8
32. Kd3 Ke7 33. a4 Bb4 34. c5 bxc5 35. Kc4 Nd6+ 36. Kb3 f6 37. a5 Kd7 38.
Bc1 e5 39. dxe5 fxe5 40. Bd5 Ne8 41. a6 Kd6 42. Kc4 Nc7 43. Bb7 Ne6 44. Be3
Nd8 45. Be4 Nc6 46. h4 Nb8 47. Bb7 Nd7 48. h5 Nb6+ 49. Kb3 Be1 50. Be4 Nd5
51. Bc1 Nf6 52. Bf3 Bf2 53. g5 hxg5 54. Bxg5 e4 55. Bxf6 exf3 56. Bxg7 Be3
0-1

[Event "10th EICC"]
[Site "Budva MNE"]
[Date "2009.03.15"]
[Round "9"]
[White "Skoberne,J"]
[Black "Vujic,M"]
[Result "1-0"]
[WhiteElo "2489"]
[BlackElo "2322"]
[EventDate "2009.03.06"]

1. e4 e5 2. Nf3 Nc6 3. Bc4 Nf6 4. d3 Be7 5. O-O O-O 6. Re1 d6 7. c3 h6 8.
Nbd2 Nh7 9. Nf1 Ng5 10. Ne3 Be6 11. b4 Bxc4 12. Nxc4 Nxf3+ 13. Qxf3 Bg5 14.
b5 Nb8 15. Ba3 Nd7 16. d4 Nb6 17. Qd3 Nxc4 18. Qxc4 exd4 19. cxd4 Re8 20.
Qd5 Rb8 21. Re2 Qd7 22. Rf1 a6 23. f4 Be7 24. bxa6 bxa6 25. Rc1 Qa4 26. Re3
Bf6 27. Rd3 Rb5 28. Qc6 Bxd4+ 29. Kf1 Re7 30. e5 Bc5 31. Bxc5 dxc5 32. g3
Qb4 33. Qxa6 Re6 34. Rd8+ Kh7 35. Qa8 Qb2 36. Rh8+ Kg6 37. f5+ Kg5 38. h4+
Kxf5 39. Qf3+ Kxe5 40. Re1+ Kd6 41. Rd8+ Ke7 42. Rxe6+ Kxe6 43. Qe4+ Kf6
44. Qf4+ Kg6 45. h5+ Kxh5 46. Qxf7+ Kg4 47. Qg6+ Kh3 48. Qh5+ Kxg3 49. Rd3+
Kf4 50. Qf3+ Ke5 51. Rd5+ Ke6 52. Qf5+ Ke7 53. Rd7+ Ke8 54. Qf7+ 1-0

[Event "10th EICC"]
[Site "Budva MNE"]
[Date "2009.03.15"]
[Round "9"]
[White "Nikolov,Mo"]
[Black "Sorgic,D"]
[Result "1-0"]
[WhiteElo "2478"]
[BlackElo "2278"]
[EventDate "2009.03.06"]

1. d4 d6 2. e4 Nf6 3. f3 g6 4. c4 Bg7 5. Nc3 O-O 6. Bg5 Nbd7 7. Nh3 c6 8.
Nf2 e5 9. d5 cxd5 10. cxd5 a5 11. Qd2 Nc5 12. Bb5 Bd7 13. O-O Bxb5 14. Nxb5
Qb6 15. Qe2 Rfc8 16. Na3 a4 17. Rac1 h6 18. Be3 Nfd7 19. Rc2 Qd8 20. Rfc1
f5 21. Qb5 Ra5 22. Qb4 Rca8 23. Nc4 f4 24. Bxc5 dxc5 25. Qxb7 R5a7 26. Qb5
Bf8 27. Na3 Rb8 28. Qe2 Bd6 29. Nb5 Ra6 30. Nxd6 Rxd6 31. Nd3 Rdb6 32. Rc4
1-0

[Event "10th EICC"]
[Site "Budva MNE"]
[Date "2009.03.15"]
[Round "9"]
[White "Van Eijk,S"]
[Black "Can,E"]
[Result "1/2-1/2"]
[WhiteElo "2355"]
[BlackElo "2471"]
[EventDate "2009.03.06"]

1. e4 c5 2. Nf3 d6 3. d4 cxd4 4. Nxd4 Nf6 5. Nc3 g6 6. g3 Bg7 7. Bg2 O-O 8.
O-O Nc6 9. Nde2 Rb8 10. a4 a6 11. h3 b5 12. axb5 axb5 13. Nd5 Nd7 14. Ra2
Bb7 15. Bg5 h6 16. Be3 b4 17. b3 Nc5 18. f3 e6 19. Ndf4 Qc7 20. Nd3 Rfd8
21. Qc1 Nxd3 22. cxd3 Kh7 23. d4 Rdc8 24. Qd2 d5 25. exd5 Na5 26. Bf4 Nxb3
27. Qxb4 e5 28. d6 Bd5 29. dxc7 Rxb4 30. Bxe5 Nxd4 31. Bxg7 Bxa2 32. Bxd4
Bc4 33. Rc1 Bxe2 34. Bf6 Rc4 35. Re1 Bd3 36. Bd8 R4xc7 1/2-1/2

[Event "10th EICC"]
[Site "Budva MNE"]
[Date "2009.03.15"]
[Round "9"]
[White "Bonte,An"]
[Black "Lajthajm,B"]
[Result "0-1"]
[WhiteElo "2335"]
[BlackElo "2502"]
[EventDate "2009.03.06"]

1. d4 Nf6 2. c4 e6 3. Nc3 d5 4. cxd5 exd5 5. Bg5 c6 6. e3 Be7 7. Bd3 Bg4 8.
Qc2 Bh5 9. Nf3 Bxf3 10. gxf3 Nh5 11. Bxe7 Qxe7 12. Nxd5 cxd5 13. Qc8+ Qd8
14. Bb5+ Ke7 15. Qxb7+ Nd7 16. Qxd5 Qa5+ 17. Ke2 Nhf6 18. Qb3 a6 19. Ba4
Rhb8 20. Qa3+ Rb4 21. b3 Nb6 22. Rab1 Rc8 23. Rhg1 Nfd5 24. Kf1 Rc3 25. Rg5
Nc4 26. Rxd5 Nxa3 27. Rxa5 Nxb1 28. Rxa6 Rc1+ 29. Ke2 Rc2+ 30. Kd3 Rd2+ 31.
Ke4 Nc3+ 32. Ke5 f6+ 33. Kf5 g6+ 34. Kf4 Nxa4 35. bxa4 Rxa2 36. Ra7+ Kf8
37. Rxh7 Rxf2 38. a5 Ra2 39. Ra7 Rb5 40. Ra8+ Kg7 41. Ra7+ Kh6 42. Ra6 Rf5+
43. Kg3 Raxa5 44. Re6 Ra3 45. Kg4 Kg7 46. f4 Kf7 47. Re4 Rd5 0-1

[Event "10th EICC"]
[Site "Budva MNE"]
[Date "2009.03.15"]
[Round "9"]
[White "Stanojoski,Z"]
[Black "Solomunovic,I"]
[Result "0-1"]
[WhiteElo "2493"]
[BlackElo "2416"]
[EventDate "2009.03.06"]

1. c4 e6 2. g3 d5 3. Bg2 Nf6 4. Nf3 Be7 5. O-O O-O 6. b3 c5 7. Bb2 Nc6 8.
cxd5 exd5 9. d4 Ne4 10. dxc5 Bxc5 11. Nc3 Be6 12. Na4 Be7 13. Rc1 Rc8 14.
Nd4 Bd7 15. e3 Qa5 16. Ne2 Rfd8 17. Nf4 Bf5 18. g4 Bg6 19. Nc3 Bf6 20. Qe1
Bxc3 21. Bxc3 Qxa2 22. h4 h6 23. Nxg6 fxg6 24. Qd1 Nxc3 25. Rxc3 Kh8 26.
Qd3 Qa5 27. Rcc1 Rd6 28. e4 Rcd8 29. exd5 Ne7 30. b4 Qxb4 31. Rc4 Qb6 32.
Rb1 Qa6 33. Qb3 Nxd5 34. Qxb7 Qxc4 35. Qxa7 Qxg4 0-1

[Event "10th EICC"]
[Site "Budva MNE"]
[Date "2009.03.15"]
[Round "9"]
[White "Vavrak,P"]
[Black "Nestorovic,N"]
[Result "1-0"]
[WhiteElo "2488"]
[BlackElo "2415"]
[EventDate "2009.03.06"]

1. Nf3 Nf6 2. g3 b5 3. a4 b4 4. Bg2 Bb7 5. O-O e6 6. d3 c5 7. Nbd2 Be7 8.
e4 d6 9. Re1 Nfd7 10. c3 O-O 11. cxb4 cxb4 12. Nb3 Ne5 13. a5 Na6 14. Be3
Ng4 15. Bd2 Qd7 16. h3 Ne5 17. Be3 Rfd8 18. Qe2 Nxf3+ 19. Qxf3 Nc5 20. Bxc5
dxc5 21. a6 Bc6 22. Rec1 Rac8 23. Nxc5 Bxc5 24. Rxc5 Bxe4 25. Qe3 Bxg2 26.
Kxg2 Rxc5 27. Qxc5 g6 28. Rc1 h5 29. h4 Kg7 30. Qe5+ f6 31. Qc5 e5 32. Qxb4
Qd5+ 33. Kg1 Rd7 34. Rc8 Rf7 35. Qb8 Rd7 36. Rc7 Kf7 37. Qxa7 1-0

[Event "10th EICC"]
[Site "Budva MNE"]
[Date "2009.03.15"]
[Round "9"]
[White "Arsovic,Z"]
[Black "Pilaj,H"]
[Result "1-0"]
[WhiteElo "2475"]
[BlackElo "2393"]
[EventDate "2009.03.06"]

1. d4 d5 2. Nf3 Nf6 3. c4 c6 4. e3 Bg4 5. cxd5 Bxf3 6. Qxf3 cxd5 7. Nc3 e6
8. Bd2 Nc6 9. Bd3 g6 10. O-O Bg7 11. Qd1 O-O 12. Qb3 Qe7 13. Rac1 Rfc8 14.
Rfd1 Rab8 15. Be1 Qd8 16. Na4 Rc7 17. Rc2 Nd7 18. Rdc1 Bh6 19. Rd1 Rbc8 20.
Nc5 Nxc5 21. Rxc5 Bf8 22. Rc2 Bd6 23. g3 Qe7 24. Rdc1 Nb8 25. a3 Rxc2 26.
Rxc2 Rxc2 27. Qxc2 Qc7 28. Bc3 Nd7 29. Qa4 a6 30. Kg2 Qc8 31. Qb3 Qc6 32.
f3 Nb6 33. Kf2 Nc4 34. Bxc4 dxc4 35. Qd1 b5 36. Qd2 f5 37. Kg2 Qb7 38. h4
Qc7 39. d5 e5 40. e4 Qc8 41. f4 fxe4 42. fxe5 Bc5 43. d6 Qa8 44. Qf4 Qd5
45. Kh2 e3 46. Qf6 Qf7 47. d7 Qxf6 48. exf6 Bb6 49. Bd4 Bd8 50. Bxe3 Kf7
51. Kg2 Ke6 52. Bg5 Kf7 53. Kf3 h6 54. Bxh6 Bxf6 55. Ke4 Ke6 56. Bg7 Bd8
57. Bc3 Kxd7 58. Kd5 Be7 59. Be5 Bf8 60. g4 Be7 61. h5 gxh5 62. gxh5 Bf8
63. Bf4 Bg7 64. h6 Bxb2 65. h7 Bh8 66. Be5 c3 67. Bxh8 1-0

[Event "10th EICC"]
[Site "Budva MNE"]
[Date "2009.03.15"]
[Round "9"]
[White "Todorovic,GM"]
[Black "Kojovic,D"]
[Result "1/2-1/2"]
[WhiteElo "2471"]
[BlackElo "2403"]
[EventDate "2009.03.06"]

1. e4 e5 2. Nf3 Nf6 3. d4 exd4 4. e5 Ne4 5. Qxd4 d5 6. exd6 Nxd6 7. Qe5+
Qe7 8. Qxe7+ Bxe7 9. Nc3 O-O 10. Bf4 Bf6 11. Nd5 Re8+ 12. Be2 Bd8 13. Bxd6
1/2-1/2

[Event "10th EICC"]
[Site "Budva MNE"]
[Date "2009.03.15"]
[Round "9"]
[White "Sekulic,D"]
[Black "Pap,M"]
[Result "0-1"]
[WhiteElo "2316"]
[BlackElo "2469"]
[EventDate "2009.03.06"]

1. d4 Nf6 2. Nf3 c5 3. e3 e6 4. c4 Be7 5. Nc3 O-O 6. a3 a6 7. dxc5 Bxc5 8.
Bd3 b6 9. O-O Bb7 10. Qe2 Be7 11. e4 d6 12. e5 dxe5 13. Nxe5 Nc6 14. Nxc6
Bxc6 15. Bf4 Ra7 16. Rfd1 Rd7 17. Bc2 Qa8 18. Rxd7 Nxd7 19. Nd5 Bc5 20. Qd3
g6 21. Nc7 Qb7 22. b4 e5 23. bxc5 Nxc5 24. Qd6 exf4 25. Re1 Bxg2 26. Re7
Qc6 27. Qe5 f6 28. Qxf4 Bh1 29. Qg3 Qf3 30. h4 Qxg3+ 31. fxg3 Bc6 32. Ne6
Re8 33. Rxe8+ Bxe8 34. Nxc5 bxc5 35. Kf2 Kf7 36. Ke3 Ke6 37. Be4 h6 38. Bb7
a5 39. Ke4 f5+ 40. Kf4 Kf6 41. Ke3 Ke5 42. Ba6 g5 43. hxg5 hxg5 44. Bb7 f4+
45. gxf4+ gxf4+ 46. Kd3 Bg6+ 47. Kc3 Be4 48. Bc8 f3 49. Bh3 Kf4 50. Kb3 Bc6
51. Bf1 f2 52. Kc2 Bf3 0-1

[Event "10th EICC"]
[Site "Budva MNE"]
[Date "2009.03.15"]
[Round "9"]
[White "Simeonidis,I"]
[Black "Bykhovsky,An ISR"]
[Result "0-1"]
[WhiteElo "2303"]
[BlackElo "2459"]
[EventDate "2009.03.06"]

1. c4 e5 2. Nc3 Nc6 3. g3 g6 4. Bg2 Bg7 5. d3 d6 6. Nf3 h6 7. O-O Nf6 8.
Rb1 a5 9. a3 O-O 10. b4 axb4 11. axb4 Be6 12. b5 Ne7 13. Qb3 Nd7 14. Ba3 f5
15. Nd2 Rb8 16. Qc2 Nf6 17. Rb4 f4 18. Ra4 Nf5 19. Nb3 h5 20. c5 fxg3 21.
hxg3 h4 22. cxd6 cxd6 23. gxh4 Nh5 24. Bd5 Bxd5 25. Nxd5 Nd4 26. Nxd4 exd4
27. Qc7 Qxh4 28. Ne7+ Kh7 29. Bxd6 Nf4 30. Bxf4 Rxf4 31. Qxb8 Rg4+ 32. Qg3
Be5 0-1

[Event "10th EICC"]
[Site "Budva MNE"]
[Date "2009.03.15"]
[Round "9"]
[White "Haznedaroglu,K"]
[Black "Aleskerov,F"]
[Result "1-0"]
[WhiteElo "2451"]
[BlackElo "2340"]
[EventDate "2009.03.06"]

1. e4 e5 2. Nf3 Nf6 3. d4 Nxe4 4. Bd3 d5 5. Nxe5 c5 6. O-O Bd6 7. Bb5+ Nd7
8. Bf4 O-O 9. Nxd7 Bxf4 10. Nxf8 Kxf8 11. Qf3 Qf6 12. Re1 Be6 13. Bf1 Ng5
14. Qd3 Bf5 15. Qa3 Be4 16. dxc5 Bxh2+ 17. Kxh2 Qxf2 18. c6+ Kg8 19. cxb7
Rb8 20. Nd2 Rxb7 21. Nxe4 dxe4 22. Qg3 Qf6 23. Bc4 1-0

[Event "10th EICC"]
[Site "Budva MNE"]
[Date "2009.03.15"]
[Round "9"]
[White "Mijovic,S"]
[Black "Durarbeyli,V"]
[Result "0-1"]
[WhiteElo "2300"]
[BlackElo "2439"]
[EventDate "2009.03.06"]

1. e4 c5 2. Nf3 d6 3. d4 cxd4 4. Nxd4 Nf6 5. Nc3 Nc6 6. Be2 e5 7. Nf3 h6 8.
O-O Be7 9. Re1 O-O 10. h3 a6 11. a4 Be6 12. Bf1 Qc7 13. Nd5 Bxd5 14. exd5
Nb4 15. c4 a5 16. Bd2 Nd7 17. Bxb4 axb4 18. b3 Nc5 19. Bd3 Bf6 20. Ra2 g6
21. Rae2 Bg7 22. Nh4 Kh7 23. g4 Qd8 24. Ng2 f5 25. Bc2 e4 26. gxf5 gxf5 27.
Kh1 Be5 28. Rg1 Qg5 29. Ree1 Rg8 30. h4 Qf6 31. Qh5 Rg4 32. Ref1 Rag8 33.
Bd1 Nd3 34. Bxg4 Rxg4 35. f4 Bd4 36. Qe8 Bxg1 37. Rxg1 Rxh4+ 38. Nxh4 Qxh4+
39. Kg2 Nxf4+ 40. Kf1 Qh3+ 41. Ke1 Qe3+ 42. Kd1 Qe2+ 43. Kc1 Nd3+ 44. Kb1
Qb2+ 0-1

[Event "10th EICC"]
[Site "Budva MNE"]
[Date "2009.03.15"]
[Round "9"]
[White "Schroll,G"]
[Black "Anton,T"]
[Result "1-0"]
[WhiteElo "2430"]
[BlackElo "2350"]
[EventDate "2009.03.06"]

1. d4 Nf6 2. Nf3 e6 3. Bg5 c5 4. c3 Be7 5. Nbd2 b6 6. e3 cxd4 7. exd4 O-O
8. Bd3 Ba6 9. Bxa6 Nxa6 10. O-O Nc7 11. a4 Nfd5 12. Bxe7 Qxe7 13. Re1 a6
14. Nc4 b5 15. Ne3 Nxe3 16. fxe3 d6 17. e4 e5 18. Qd3 Rfb8 19. axb5 Rxb5
20. b4 h6 21. Red1 Qe6 22. h3 Rb6 23. Qe3 Rab8 24. Rd3 Nb5 25. d5 Qe7 26.
Nd2 Qc7 27. Nb3 Rf8 28. Na5 f5 29. exf5 Rxf5 30. Nc6 Rf4 31. Rdd1 Rc4 32.
Rf1 Nxc3 33. Qf3 Rbxc6 34. dxc6 Qe7 35. Rxa6 Qe8 36. Qf5 Rxc6 37. Rxc6 Qxc6
38. Qf8+ Kh7 39. Rf7 Ne2+ 40. Kh2 1-0

[Event "10th EICC"]
[Site "Budva MNE"]
[Date "2009.03.15"]
[Round "9"]
[White "Martinovic,Sa"]
[Black "Misailovic,N"]
[Result "1-0"]
[WhiteElo "2427"]
[BlackElo "2293"]
[EventDate "2009.03.06"]

1. d4 d5 2. c4 c6 3. Nc3 Nf6 4. e3 g6 5. Nf3 Bg7 6. Be2 O-O 7. O-O b6 8.
Bd2 dxc4 9. Bxc4 Bb7 10. b4 Nbd7 11. Qb3 a5 12. bxa5 Rxa5 13. Ne4 Ra7 14.
Neg5 Nd5 15. e4 b5 16. Bd3 N5b6 17. e5 c5 18. Bxb5 Bd5 19. Qe3 cxd4 20. Qf4
h6 21. Ne4 Nc4 22. Bxc4 Bxc4 23. Rfc1 Rxa2 24. Rxa2 Bxa2 25. Ng3 Qb6 26.
Re1 Rd8 27. Qh4 g5 28. Qh5 Bb1 29. h4 Bg6 30. Qg4 gxh4 31. Qxh4 Bh7 32.
Qxe7 Nf8 33. Nh5 Ng6 34. Qa3 d3 35. e6 fxe6 36. Nxg7 Kxg7 37. Ba5 Qd6 38.
Qc3+ Kf7 39. Bxd8 Qxd8 40. Ra1 Kf8 41. Ra7 e5 42. Rxh7 1-0

[Event "10th EICC"]
[Site "Budva MNE"]
[Date "2009.03.15"]
[Round "9"]
[White "Arsovic,G"]
[Black "Ketzetzis,G"]
[Result "1/2-1/2"]
[WhiteElo "2426"]
[BlackElo "2243"]
[EventDate "2009.03.06"]

1. d4 d5 2. Nf3 e6 3. c4 c6 4. e3 Nf6 5. b3 Nbd7 6. Bb2 b6 7. Bd3 Bb7 8.
O-O Bd6 9. Nc3 Qe7 10. Re1 O-O 11. e4 dxe4 12. Nxe4 Nxe4 13. Bxe4 Rad8 14.
a3 f5 15. Bd3 c5 16. d5 e5 17. Nxe5 Nxe5 18. f4 Nxc4 19. Rxe7 Nxb2 20. Qe2
Bxd5 21. Rxg7+ Kxg7 22. Qxb2+ Rf6 23. Re1 Bxf4 24. g3 Bd6 25. Bc4 Be4 26.
g4 Bf4 27. gxf5 Rd2 28. Qxd2 Bxd2 29. Rxe4 Rxf5 30. Re7+ Kh6 31. Rxa7 Rg5+
32. Kf2 Bf4 33. Rb7 Rg6 34. Bd3 Rd6 35. Rxh7+ Kg5 36. h4+ Kg4 37. Be2+ Kf5
38. Rf7+ Rf6 39. Bd3+ Ke5 40. Rb7 Bc1+ 41. Ke2 1/2-1/2